• 首页
  • 本馆介绍
  • 公告通知
  • 最新文献
  • 馆藏检索
  • 电子资源
  • 读者导购
  • 参考咨询
  • 我的图书馆
  • 登录
  • 详细信息显示
  • 放入我的书架
  • 预约/预借图书
  • 作者相关作品
  • 分类相关作品
  • 丛书相关作品
  • 出版社相关作品

书目信息

  • 表格格式
  • 工作单格式
  • 卡片格式
题名:
合成纤维工业
    
 
作者: 原合成纤维研究所 编
分册:  
出版信息: 北京   燃料化学工业出版社  1971
页数: 318页
开本: 19cm
丛书名:
单 册:
中图分类: TS102.52
科图分类:
主题词: 轻工业 , 手工业 , 手工业史
电子资源:
ISBN:
000 00634nam0 2200229 45
001 0405181169
005 20040518112012.7
010    @dCNY0.80
091    @a15063.1159
100    @a20040518d1971 km y0chiy0120 ea
101 0  @achi
105    @a z 000yy
200 1  @a合成纤维工业@AHe Cheng Xian Wei Gong Ye@f原合成纤维研究所编@FYuan He Cheng Xian Wei Yan Jiu Suo Bian
210    @a北京@c燃料化学工业出版社@d1971
215    @a318页@d19cm
606 0  @a轻工业
606 0  @a手工业
606 0  @a手工业史
690    @aTS102.52@v3
701  0 @a原合成纤维研究所@4编
801    @aCN@bTSTCL@c20040518
905    @f1@b12087@dTS102.52@e2
    
    合成纤维工业/原合成纤维研究所编.-北京:燃料化学工业出版社,1971
    318页;19cm
    
    
    ISBN :CNY0.80
    
●
相关链接 在E读中查询图书 在五车中查询图书 在当当中查询图书 在豆瓣中查询图书


正题名:合成纤维工业     索取号:TS102.52/2         预约/预借

序号 登录号 条形码 馆藏地/架位号 状态 备注
1 0012087   001477814   第三借阅区/ [索取号:TS102.52/2] 在馆    
2 0016600   001477823   第二样本阅览室/ [索取号:TS102.52/2] 在馆    
唐山师范学院图书馆 欢迎您!
大连网信软件有限公司© 版权所有